00259nam a2200109Ia 4500008004100000100001800041245003800059250001200097260002400109300000800133650000800141191201s2011 xx 000 0 und d aSETHI,Jyotsna 0aElements of Banking and Insurance a5th Rep aN. DelhibPHIc2011 a450 aMBA